Normal view
MARC view
Entry Nombre personal
001 - NÚMERO DE CONTROL
- campo de control: 4
003 - IDENTIFICADOR DE NÚMERO DE CONTROL
- campo de control: AR-ClEAG
005 - FECHA Y HORA DE LA ÚLTIMA TRANSACCIÓN
- campo de control: 20250221134342.0
008 - ELEMENTOS DE DATO DE LONGITUD-FIJA
- campo de control de longitud fija: 250221|| aca||aabn | a|a d
040 ## - FUENTE DE CATALOGACIÓN
- Centro catalogador/agencia de origen: AR-ClEAG
100 1# - ENCABEZAMIENTO-NOMBRE DE PERSONA
- Nombre de persona: Conder, Susan
670 ## - FUENTE DE DATOS ENCONTRADOS
- Cita de la fuente: Árboles para pequeños jardines, 1990.
- Información encontrada: port. (Susan Conder)